000 00571nam a2200181Ia 4500
003 GCL
005 20240530110324.0
008 140319s9999 xx 000 0 ara d
040 _aGCL /
_cGCL
082 0 4 _a031
_bم/م م
100 1 _aمحمد شفيق غربال
245 1 0 _aالموسوعة العربية الميسرة /
_cمحمد شفيق غربال
260 _aبيروت :
_bدار الجيل ،
_c1995
300 _a2 مج ؛
_c30 سم
650 0 4 _aدوائر المعارف
650 0 4 _aدوائر المعارف العربية
942 _2ddc
_cREF
999 _c59698
_d59698